Catalogus universalis pro nundinis Francofurtensibus vernalibus de anno M.DC.XXI. Hoc est, designatio omnium librorum, qui hisce nundinis vernalibus, vel noui, vel emendatiores & auctiores prodierunt

Bibliographic Details
Format: eBook
Language:Latin
Published: Francoforti : [publisher not identified], 1621.
Series:Early English books online.
Subjects:
Online Access:Connect to the full text of this electronic book

MARC

Tag First Indicator Second Indicator Subfields
LEADER 00000nam a2200000Ia 4500
001 in00004173713
005 20200807083818.0
006 m g d
007 cr bn |||a|bb|
008 981021s1621 gw o 00| | lat d
035 |a (UnM)99898770 
037 |a CL0036000063  |b ProQuest. 789 E. Eisenhower Parkway, Ann Arbor, MI 48108-3218 
040 |a Cu-RivES  |c Cu-RivES  |e dcrb  |d WaOLN 
245 0 0 |a Catalogus universalis pro nundinis Francofurtensibus vernalibus de anno M.DC.XXI. Hoc est, designatio omnium librorum, qui hisce nundinis vernalibus, vel noui, vel emendatiores & auctiores prodierunt 
260 |a Francoforti :  |b [publisher not identified],  |c 1621. 
300 |a 1 online resource ([32] pages) 
336 |a text  |b txt  |2 rdacontent 
337 |a computer  |b c  |2 rdamedia 
338 |a online resource  |b cr  |2 rdacarrier 
500 |a Frankfurt Fair book catalogue for Spring 1621. 
500 |a Signatures: A-D⁴. 
500 |a Reproduction of original in the Bodleian Library. 
510 4 |a STC (2nd edition)  |c 11329.4 
533 |a Electronic reproduction.  |b Ann Arbor, Mich. :  |c UMI,  |d 1999-  |f (Early English books online)  |n Digital version of: (Early English books, 1475-1640 ; 2006:10)  |7 s1999 miun s 
650 0 |a Early printed books  |y 17th century. 
830 0 |a Early English books online. 
856 4 0 |u http://proxy.library.tamu.edu/login?url=https://search.proquest.com/docview/2240900696  |z Connect to the full text of this electronic book  |t 0 
999 f f |s b2279801-8ef8-397f-b98c-cab87a02465f  |i dced53ec-d779-3c91-97dc-cf1b91b31f53  |t 0 
952 f f |a Texas A&M University  |b College Station  |c Electronic Resources  |d Available Online  |t 0  |h No information provided 
998 f f |t 0  |l Available Online